000 00356nam a22001571a 4500
020 _a9789380048130
082 _aH3
_bDIN/N
100 _aDinesh Pathak
245 _aNaav na bandho aisi thaur/
_cDinesh Pathak
260 _c2010.
_a
_b
300 _a211p.
650 _aNovel Hindi
650 _aLiterature Hindi
650 _aLiterature
942 _cBK
999 _c30131
_d30131